[Event "DVM U10 2023"]
[Site "Magdeburg GER"]
[Date "2023.12.29"]
[Round "7"]
[White "Weßels, Keke"]
[Black "Weber, David Minh"]
[Result "1-0"]
[Termination "normal"]
[Board "13.4"]
[WhiteElo "983"]
[BlackElo "851"]
[WhiteClock "00:34:15"]
[BlackClock "00:37:33"]
[WhiteTeam "SC Aurich"]
[BlackTeam "SV Dresden-Leuben"]
[PlyCount "73"]
[WhiteFideId "34640045"]
[EventCountry "GER"]
[EventRounds "7"]
[EventType "team-swiss"]
[EventDate "2023.12.27"]

1. d4 {[%clk 00:55:05]} {[%emt 00:00:04]} d5 {[%clk 00:55:05]} {[%emt
00:00:07]} 2. Nc3 {[%clk 00:54:57]} {[%emt 00:00:13]} Nf6 {[%clk 00:55:04]}
{[%emt 00:00:06]} 3. Bf4 {[%clk 00:54:35]} {[%emt 00:00:26]} Bf5 {[%clk
00:54:27]} {[%emt 00:00:42]} 4. f3 {[%clk 00:54:10]} {[%emt 00:00:30]} Nc6
{[%clk 00:54:20]} {[%emt 00:00:13]} 5. Qd2 {[%clk 00:53:42]} {[%emt 00:00:32]}
e6 {[%clk 00:54:00]} {[%emt 00:00:25]} 6. O-O-O {[%clk 00:53:12]} {[%emt
00:00:34]} Bb4 {[%clk 00:53:49]} {[%emt 00:00:17]} 7. e3 {[%clk 00:52:08]}
{[%emt 00:01:09]} e5 {[%clk 00:53:23]} {[%emt 00:00:32]} 8. Bxe5 {[%clk
00:51:09]} {[%emt 00:01:02]} Nxe5 {[%clk 00:53:03]} {[%emt 00:00:27]} 9. dxe5
{[%clk 00:50:59]} {[%emt 00:00:14]} Nd7 {[%emt 00:00:10]} 10. Qxd5 {[%clk
00:50:16]} {[%emt 00:00:46]} Bxc3 {[%clk 00:52:36]} {[%emt 00:00:29]} 11. bxc3
{[%clk 00:49:56]} {[%emt 00:00:25]} Be6 {[%clk 00:52:21]} {[%emt 00:00:20]} 12.
Qxb7 {[%clk 00:48:40]} {[%emt 00:01:21]} Bxa2 {[%emt 00:00:56]} 13. Bb5 {[%clk
00:47:17]} {[%emt 00:00:46]} O-O {[%clk 00:49:29]} {[%emt 00:02:48]} 14. Rxd7
{[%clk 00:46:34]} {[%emt 00:00:48]} Qg5 {[%clk 00:48:02]} {[%emt 00:01:32]} 15.
f4 {[%clk 00:45:45]} {[%emt 00:00:54]} Qxg2 {[%clk 00:47:42]} {[%emt 00:00:25]}
16. Qxg2 {[%clk 00:45:38]} {[%emt 00:00:11]} Rab8 {[%clk 00:47:38]} {[%emt
00:00:11]} 17. c4 {[%clk 00:44:40]} {[%emt 00:01:02]} Rfc8 {[%clk 00:46:44]}
{[%emt 00:00:59]} 18. Nf3 {[%clk 00:43:06]} {[%emt 00:01:39]} c6 {[%clk
00:46:32]} {[%emt 00:00:17]} 19. Ba6 {[%clk 00:42:45]} {[%emt 00:00:26]} Rb1+
{[%clk 00:45:50]} {[%emt 00:00:47]} 20. Kd2 {[%clk 00:42:36]} {[%emt 00:00:15]}
Rcb8 {[%clk 00:45:32]} {[%emt 00:00:23]} 21. Rxa7 {[%clk 00:41:34]} {[%emt
00:01:06]} R1b2 {[%clk 00:44:37]} {[%emt 00:01:01]} 22. Nd4 {[%clk 00:40:30]}
{[%emt 00:01:09]} c5 {[%clk 00:42:10]} {[%emt 00:02:32]} 23. Ne6 {[%clk
00:39:51]} {[%emt 00:00:42]} g6 {[%clk 00:41:54]} {[%emt 00:00:23]} 24. Ra8
{[%clk 00:39:35]} {[%emt 00:00:21]} h6 {[%clk 00:41:37]} {[%emt 00:00:22]} 25.
Rxb8+ {[%clk 00:39:03]} {[%emt 00:00:36]} Rxb8 {[%clk 00:41:34]} {[%emt
00:00:08]} 26. Nxc5 {[%clk 00:38:42]} {[%emt 00:00:26]} Rd8+ {[%clk 00:40:57]}
{[%emt 00:00:43]} 27. Kc1 {[%clk 00:38:27]} {[%emt 00:00:19]} Kg7 {[%clk
00:40:04]} {[%emt 00:00:58]} 28. Kb2 {[%clk 00:38:21]} {[%emt 00:00:11]} Bxc4
{[%clk 00:40:00]} {[%emt 00:00:10]} 29. Bxc4 {[%clk 00:38:19]} {[%emt
00:00:07]} Rc8 {[%clk 00:39:58]} {[%emt 00:00:07]} 30. Qd5 {[%clk 00:36:52]}
{[%emt 00:01:32]} Rc7 {[%clk 00:39:54]} {[%emt 00:00:09]} 31. e6 {[%clk
00:36:44]} {[%emt 00:00:13]} Kf8 {[%clk 00:39:15]} {[%emt 00:00:43]} 32. exf7
{[%clk 00:36:20]} {[%emt 00:00:28]} g5 {[%clk 00:38:37]} {[%emt 00:00:44]} 33.
Qd8+ {[%clk 00:36:12]} {[%emt 00:00:14]} Kg7 {[%clk 00:38:19]} {[%emt
00:00:22]} 34. f8=Q+ {[%clk 00:35:59]} {[%emt 00:00:18]} Kg6 {[%emt 00:00:33]}
35. Qxc7 {[%clk 00:35:19]} {[%emt 00:00:41]} Kh5 {[%clk 00:37:46]} {[%emt
00:00:15]} 36. Be2+ {[%clk 00:34:49]} {[%emt 00:00:34]} Kg6 {[%clk 00:37:33]}
{[%emt 00:00:18]} 37. f5# {[%clk 00:34:15]} {[%emt 00:00:30]} 1-0

[Event "DVM U10 2023"]
[Site "Magdeburg GER"]
[Date "2023.12.29"]
[Round "7"]
[White "Geschke, Jonathan"]
[Black "Döscher, Rasmus"]
[Result "1-0"]
[Termination "normal"]
[Board "14.1"]
[WhiteElo "1424"]
[BlackElo "1171"]
[WhiteClock "00:23:16"]
[BlackClock "00:17:11"]
[WhiteTeam "SG Porz"]
[BlackTeam "SK Bremen-Nord"]
[PlyCount "75"]
[WhiteFideId "34636129"]
[BlackFideId "34625038"]
[EventCountry "GER"]
[EventRounds "7"]
[EventType "team-swiss"]
[EventDate "2023.12.27"]

1. e4 {[%clk 00:55:09]} {[%emt 00:00:01]} e5 {[%clk 00:54:59]} {[%emt
00:00:11]} 2. Nf3 {[%clk 00:55:07]} {[%emt 00:00:06]} Nc6 {[%clk 00:54:54]}
{[%emt 00:00:10]} 3. Bc4 {[%clk 00:55:06]} {[%emt 00:00:07]} h6 {[%clk
00:54:41]} {[%emt 00:00:17]} 4. d4 {[%clk 00:55:01]} {[%emt 00:00:10]} exd4
{[%clk 00:51:49]} {[%emt 00:02:58]} 5. Nxd4 {[%clk 00:55:03]} {[%emt 00:00:02]}
Nf6 {[%clk 00:51:20]} {[%emt 00:00:34]} 6. Nxc6 {[%clk 00:54:04]} {[%emt
00:01:04]} bxc6 {[%clk 00:50:45]} {[%emt 00:00:40]} 7. Nc3 {[%clk 00:53:58]}
{[%emt 00:00:11]} Bb4 {[%clk 00:50:11]} {[%emt 00:00:35]} 8. e5 {[%clk
00:53:12]} {[%emt 00:00:56]} Ne4 {[%clk 00:49:59]} {[%emt 00:00:17]} 9. Qf3
{[%clk 00:51:54]} {[%emt 00:01:22]} d5 {[%clk 00:48:08]} {[%emt 00:01:50]} 10.
exd6 {[%clk 00:51:29]} {[%emt 00:00:37]} Nxd6 {[%clk 00:47:40]} {[%emt
00:00:32]} 11. Bb3 {[%clk 00:50:23]} {[%emt 00:01:12]} Bb7 {[%clk 00:46:54]}
{[%emt 00:00:50]} 12. O-O {[%clk 00:49:27]} {[%emt 00:01:01]} O-O {[%clk
00:45:41]} {[%emt 00:01:19]} 13. Qg4 {[%clk 00:48:44]} {[%emt 00:00:46]} Qf6
{[%clk 00:45:04]} {[%emt 00:00:43]} 14. Qxb4 {[%clk 00:48:15]} {[%emt
00:00:34]} Qg6 {[%clk 00:44:17]} {[%emt 00:00:53]} 15. Qf4 {[%clk 00:47:27]}
{[%emt 00:00:52]} Rfe8 {[%clk 00:40:40]} {[%emt 00:03:42]} 16. Qg3 {[%clk
00:45:51]} {[%emt 00:01:35]} Qf6 {[%clk 00:39:54]} {[%emt 00:00:56]} 17. Bd2
{[%clk 00:43:56]} {[%emt 00:01:53]} c5 {[%clk 00:38:26]} {[%emt 00:01:42]} 18.
Rfe1 {[%clk 00:42:20]} {[%emt 00:01:40]} Nf5 {[%clk 00:37:25]} {[%emt
00:01:06]} 19. Qxc7 {[%clk 00:39:22]} {[%emt 00:03:03]} Bc6 {[%clk 00:35:59]}
{[%emt 00:01:31]} 20. Ba4 {[%clk 00:33:02]} {[%emt 00:06:25]} Rec8 {[%clk
00:34:03]} {[%emt 00:02:01]} 21. Qf4 {[%clk 00:31:40]} {[%emt 00:01:28]} Qg6
{[%clk 00:32:38]} {[%emt 00:01:30]} 22. Bxc6 {[%clk 00:31:05]} {[%emt
00:00:40]} Rxc6 {[%clk 00:32:20]} {[%emt 00:00:22]} 23. Nd5 {[%clk 00:27:54]}
{[%emt 00:03:15]} Re6 {[%clk 00:26:23]} {[%emt 00:05:58]} 24. Rxe6 {[%clk
00:27:13]} {[%emt 00:00:50]} fxe6 {[%clk 00:25:56]} {[%emt 00:00:33]} 25. Qxf5
{[%clk 00:26:34]} {[%emt 00:00:44]} Qxf5 {[%clk 00:25:01]} {[%emt 00:00:59]}
26. Ne7+ {[%clk 00:26:27]} {[%emt 00:00:13]} Kh7 {[%clk 00:24:43]} {[%emt
00:00:23]} 27. Nxf5 {[%clk 00:26:24]} {[%emt 00:00:09]} exf5 {[%clk 00:24:41]}
{[%emt 00:00:06]} 28. Re1 {[%clk 00:26:09]} {[%emt 00:00:20]} Rd8 {[%clk
00:23:53]} {[%emt 00:00:54]} 29. Bc3 {[%clk 00:26:01]} {[%emt 00:00:13]} Rd7
{[%clk 00:23:34]} {[%emt 00:00:23]} 30. h3 {[%clk 00:25:57]} {[%emt 00:00:08]}
Kg6 {[%clk 00:22:40]} {[%emt 00:01:00]} 31. Re5 {[%clk 00:25:38]} {[%emt
00:00:24]} Rd1+ {[%clk 00:22:12]} {[%emt 00:00:33]} 32. Kh2 {[%clk 00:25:04]}
{[%emt 00:00:39]} Ra1 {[%clk 00:21:17]} {[%emt 00:01:00]} 33. a3 {[%clk
00:24:44]} {[%emt 00:00:26]} Rc1 {[%clk 00:21:11]} {[%emt 00:00:10]} 34. Rxc5
{[%clk 00:24:24]} {[%emt 00:00:26]} Rxc2 {[%clk 00:21:03]} {[%emt 00:00:13]}
35. f3 {[%clk 00:24:23]} {[%emt 00:00:06]} Rc1 {[%clk 00:18:47]} {[%emt
00:02:21]} 36. Rc6+ {[%clk 00:23:51]} {[%emt 00:00:36]} Kh5 {[%clk 00:17:41]}
{[%emt 00:01:11]} 37. g4+ {[%clk 00:23:30]} {[%emt 00:00:26]} Kh4 {[%clk
00:17:11]} {[%emt 00:00:35]} 38. Bf6+ {[%clk 00:23:16]} {[%emt 00:00:19]} 1-0

[Event "DVM U10 2023"]
[Site "Magdeburg GER"]
[Date "2023.12.29"]
[Round "7"]
[White "Döscher, Nayla"]
[Black "Bienbeck, Matthis"]
[Result "0-1"]
[Termination "normal"]
[Board "14.2"]
[WhiteElo "1263"]
[BlackElo "1279"]
[WhiteClock "00:12:08"]
[BlackClock "00:18:42"]
[WhiteTeam "SK Bremen-Nord"]
[BlackTeam "SG Porz"]
[PlyCount "110"]
[WhiteFideId "34625046"]
[EventCountry "GER"]
[EventRounds "7"]
[EventType "team-swiss"]
[EventDate "2023.12.27"]

1. e4 {[%clk 00:55:08]} {[%emt 00:00:01]} c5 {[%clk 00:54:57]} {[%emt
00:00:14]} 2. Nf3 {[%clk 00:55:04]} {[%emt 00:00:09]} Nc6 {[%clk 00:54:54]}
{[%emt 00:00:08]} 3. Bb5 {[%clk 00:55:02]} {[%emt 00:00:07]} g6 {[%clk
00:54:52]} {[%emt 00:00:07]} 4. Bxc6 {[%clk 00:54:50]} {[%emt 00:00:17]} bxc6
{[%clk 00:54:40]} {[%emt 00:00:17]} 5. O-O {[%clk 00:54:31]} {[%emt 00:00:24]}
Bg7 {[%clk 00:54:35]} {[%emt 00:00:09]} 6. d3 {[%clk 00:52:56]} {[%emt
00:01:40]} Nf6 {[%clk 00:54:17]} {[%emt 00:00:23]} 7. Be3 {[%clk 00:51:31]}
{[%emt 00:01:30]} d6 {[%clk 00:53:58]} {[%emt 00:00:24]} 8. Nc3 {[%clk
00:51:15]} {[%emt 00:00:22]} e5 {[%clk 00:52:22]} {[%emt 00:01:40]} 9. h3
{[%clk 00:49:40]} {[%emt 00:01:40]} O-O {[%clk 00:51:53]} {[%emt 00:00:34]} 10.
Qd2 {[%clk 00:48:41]} {[%emt 00:01:04]} Nh5 {[%clk 00:50:30]} {[%emt 00:01:28]}
11. Bh6 {[%clk 00:45:29]} {[%emt 00:03:17]} f5 {[%clk 00:50:11]} {[%emt
00:00:25]} 12. Bxg7 {[%clk 00:44:29]} {[%emt 00:01:05]} Nxg7 {[%clk 00:50:03]}
{[%emt 00:00:12]} 13. Qh6 {[%clk 00:41:45]} {[%emt 00:02:48]} fxe4 {[%clk
00:47:35]} {[%emt 00:02:34]} 14. Nxe4 {[%clk 00:41:15]} {[%emt 00:00:37]} Nf5
{[%clk 00:47:05]} {[%emt 00:00:33]} 15. Qg5 {[%clk 00:40:28]} {[%emt 00:00:50]}
Ba6 {[%clk 00:45:58]} {[%emt 00:01:16]} 16. Qxd8 {[%clk 00:40:02]} {[%emt
00:00:30]} Rfxd8 {[%clk 00:45:15]} {[%emt 00:00:48]} 17. Nf6+ {[%clk 00:39:13]}
{[%emt 00:00:52]} Kg7 {[%clk 00:44:49]} {[%emt 00:00:33]} 18. Ne4 {[%clk
00:38:51]} {[%emt 00:00:26]} h6 {[%clk 00:43:57]} {[%emt 00:00:58]} 19. g4
{[%clk 00:38:30]} {[%emt 00:00:23]} Nd4 {[%clk 00:43:40]} {[%emt 00:00:24]} 20.
Nxd4 {[%clk 00:38:13]} {[%emt 00:00:22]} cxd4 {[%emt 00:01:05]} 21. f4 {[%clk
00:37:34]} Bc8 {[%clk 00:40:33]} {[%emt 00:02:56]} 22. Rae1 {[%clk 00:36:59]}
{[%emt 00:00:36]} Rf8 {[%clk 00:35:17]} {[%emt 00:05:26]} 23. Nxd6 {[%clk
00:36:16]} {[%emt 00:00:48]} exf4 {[%clk 00:32:47]} {[%emt 00:02:35]} 24. Re4
{[%clk 00:30:10]} {[%emt 00:06:03]} g5 {[%clk 00:30:47]} {[%emt 00:02:12]} 25.
Rxd4 {[%clk 00:29:46]} {[%emt 00:00:29]} Rd8 {[%clk 00:30:21]} {[%emt
00:00:32]} 26. Nf5+ {[%clk 00:28:03]} {[%emt 00:01:48]} Bxf5 {[%clk 00:30:15]}
{[%emt 00:00:10]} 27. Rxd8 {[%clk 00:27:56]} {[%emt 00:00:12]} Rxd8 {[%clk
00:30:08]} 28. gxf5 {[%clk 00:27:53]} {[%emt 00:00:20]} Kf6 {[%clk 00:30:05]}
{[%emt 00:00:08]} 29. Re1 {[%clk 00:27:01]} {[%emt 00:00:55]} Kxf5 {[%clk
00:29:34]} {[%emt 00:00:39]} 30. Re7 {[%clk 00:26:43]} {[%emt 00:00:20]} a5
{[%clk 00:29:05]} {[%emt 00:00:37]} 31. Ra7 {[%emt 00:02:03]} Rd5 {[%clk
00:28:42]} 32. Rf7+ {[%clk 00:23:35]} {[%emt 00:01:42]} Kg6 {[%clk 00:28:27]}
{[%emt 00:00:20]} 33. Re7 {[%clk 00:22:21]} {[%emt 00:01:11]} Kh5 {[%clk
00:27:59]} {[%emt 00:00:41]} 34. Kg2 {[%clk 00:21:39]} {[%emt 00:00:48]} Rc5
{[%clk 00:27:42]} {[%emt 00:00:22]} 35. c3 {[%clk 00:20:38]} {[%emt 00:01:05]}
Rd5 {[%clk 00:27:29]} {[%emt 00:00:18]} 36. d4 {[%clk 00:20:21]} {[%emt
00:00:22]} c5 {[%clk 00:27:11]} {[%emt 00:00:24]} 37. Re4 {[%clk 00:19:53]}
{[%emt 00:00:31]} cxd4 {[%clk 00:26:00]} {[%emt 00:01:18]} 38. cxd4 {[%clk
00:18:38]} {[%emt 00:01:20]} Kh4 {[%clk 00:25:14]} {[%emt 00:00:51]} 39. b3
{[%clk 00:18:02]} {[%emt 00:00:41]} Rb5 {[%clk 00:23:44]} {[%emt 00:01:34]} 40.
Re2 {[%clk 00:17:42]} {[%emt 00:00:24]} h5 {[%clk 00:22:47]} {[%emt 00:01:04]}
41. Rd2 {[%clk 00:17:17]} {[%emt 00:00:31]} Rd5 {[%clk 00:21:50]} {[%emt
00:01:01]} 42. Rd3 {[%clk 00:16:58]} {[%emt 00:00:20]} g4 {[%clk 00:21:39]}
{[%emt 00:00:20]} 43. hxg4 {[%clk 00:16:26]} {[%emt 00:00:37]} hxg4 {[%clk
00:21:37]} {[%emt 00:00:07]} 44. Kh2 {[%clk 00:15:46]} {[%emt 00:00:44]} g3+
{[%clk 00:21:27]} {[%emt 00:00:15]} 45. Kg2 {[%clk 00:15:43]} {[%emt 00:00:08]}
Kg4 {[%clk 00:21:26]} {[%emt 00:00:07]} 46. a3 {[%clk 00:15:04]} {[%emt
00:00:44]} Rh5 {[%clk 00:20:09]} {[%emt 00:01:22]} 47. d5 {[%clk 00:14:32]}
{[%emt 00:00:37]} Rh2+ {[%clk 00:20:06]} {[%emt 00:00:07]} 48. Kg1 {[%clk
00:14:22]} {[%emt 00:00:10]} f3 {[%clk 00:19:51]} {[%emt 00:00:25]} 49. d6
{[%clk 00:14:06]} {[%emt 00:00:21]} f2+ {[%clk 00:19:46]} {[%emt 00:00:10]} 50.
Kf1 {[%clk 00:13:48]} {[%emt 00:00:13]} Rh1+ {[%clk 00:19:42]} {[%emt
00:00:20]} 51. Ke2 {[%clk 00:12:59]} {[%emt 00:00:53]} f1=Q+ {[%clk 00:19:37]}
{[%emt 00:00:11]} 52. Ke3 {[%clk 00:12:47]} {[%emt 00:00:16]} Qxd3+ {[%clk
00:18:51]} {[%emt 00:00:52]} 53. Kxd3 {[%clk 00:12:37]} {[%emt 00:00:15]} Rd1+
{[%clk 00:18:48]} {[%emt 00:00:07]} 54. Ke2 {[%clk 00:12:17]} {[%emt 00:00:24]}
Rxd6 {[%clk 00:18:45]} {[%emt 00:00:10]} 55. Kf1 {[%clk 00:12:08]} {[%emt
00:00:13]} Kf3 {[%clk 00:18:42]} {[%emt 00:00:08]} 0-1

[Event "DVM U10 2023"]
[Site "Magdeburg GER"]
[Date "2023.12.29"]
[Round "7"]
[White "Trunz, Daniel"]
[Black "Szymaniak, Josh"]
[Result "0-1"]
[Termination "normal"]
[Board "14.3"]
[WhiteElo "1098"]
[BlackElo "775"]
[WhiteClock "00:25:17"]
[BlackClock "00:49:18"]
[WhiteTeam "SG Porz"]
[BlackTeam "SK Bremen-Nord"]
[PlyCount "50"]
[WhiteFideId "34640797"]
[EventCountry "GER"]
[EventRounds "7"]
[EventType "team-swiss"]
[EventDate "2023.12.27"]

1. e4 {[%clk 00:55:06]} {[%emt 00:00:03]} e5 {[%clk 00:55:06]} {[%emt
00:00:05]} 2. Nf3 {[%clk 00:55:03]} {[%emt 00:00:07]} Nc6 {[%clk 00:55:06]}
{[%emt 00:00:06]} 3. d4 {[%clk 00:54:47]} {[%emt 00:00:21]} exd4 {[%clk
00:54:55]} {[%emt 00:00:16]} 4. Bc4 {[%clk 00:54:32]} {[%emt 00:00:20]} Nf6
{[%clk 00:54:52]} {[%emt 00:00:08]} 5. c3 {[%clk 00:53:52]} {[%emt 00:00:45]}
Nxe4 {[%clk 00:54:15]} {[%emt 00:00:41]} 6. Qe2 {[%clk 00:53:21]} {[%emt
00:00:36]} d5 {[%clk 00:53:58]} {[%emt 00:00:23]} 7. Bb3 {[%clk 00:51:01]}
{[%emt 00:02:24]} Be7 {[%clk 00:53:36]} {[%emt 00:00:27]} 8. Nbd2 {[%clk
00:50:24]} {[%emt 00:00:42]} Nxd2 {[%clk 00:53:22]} {[%emt 00:00:20]} 9. Bxd2
{[%clk 00:49:32]} {[%emt 00:00:57]} Bg4 {[%clk 00:53:00]} {[%emt 00:00:26]} 10.
Bg5 {[%clk 00:47:58]} {[%emt 00:01:39]} O-O {[%clk 00:52:52]} {[%emt 00:00:14]}
11. Bxe7 {[%emt 00:02:38]} Nxe7 {[%clk 00:52:46]} {[%emt 00:00:09]} 12. O-O
{[%clk 00:44:18]} {[%emt 00:01:13]} Bxf3 {[%clk 00:52:35]} {[%emt 00:00:15]}
13. gxf3 {[%clk 00:42:53]} {[%emt 00:01:32]} Nf5 {[%clk 00:52:18]} {[%emt
00:00:18]} 14. Kh1 {[%clk 00:41:45]} {[%emt 00:01:16]} dxc3 {[%clk 00:52:14]}
{[%emt 00:00:09]} 15. Rg1 {[%clk 00:40:47]} {[%emt 00:01:04]} cxb2 {[%clk
00:52:06]} {[%emt 00:00:13]} 16. Qxb2 {[%clk 00:39:29]} {[%emt 00:01:23]} g6
{[%clk 00:51:48]} {[%emt 00:00:23]} 17. Bc2 {[%clk 00:38:23]} {[%emt 00:01:11]}
Nh4 {[%clk 00:51:17]} {[%emt 00:00:35]} 18. Rad1 {[%clk 00:34:19]} {[%emt
00:04:09]} Nxf3 {[%clk 00:51:07]} {[%emt 00:00:16]} 19. Qb3 {[%clk 00:33:23]}
{[%emt 00:01:01]} Nxg1 {[%clk 00:51:00]} {[%emt 00:00:11]} 20. Kxg1 {[%clk
00:32:46]} {[%emt 00:00:42]} Qg5+ {[%clk 00:50:42]} {[%emt 00:00:24]} 21. Kh1
{[%clk 00:31:41]} {[%emt 00:01:09]} Rad8 {[%clk 00:50:05]} {[%emt 00:00:41]}
22. Rg1 {[%clk 00:30:40]} {[%emt 00:01:07]} Qd2 {[%clk 00:49:45]} {[%emt
00:00:26]} 23. Rd1 {[%clk 00:29:09]} {[%emt 00:01:36]} Qxf2 {[%clk 00:49:38]}
{[%emt 00:00:11]} 24. Rxd5 {[%clk 00:25:54]} {[%emt 00:03:19]} Rxd5 {[%clk
00:49:35]} {[%emt 00:00:09]} 25. Qxd5 {[%clk 00:25:17]} {[%emt 00:00:43]} Qf1#
{[%clk 00:49:18]} {[%emt 00:00:17]} 0-1

[Event "DVM U10 2023"]
[Site "Magdeburg GER"]
[Date "2023.12.29"]
[Round "7"]
[White "Pflug, Johan"]
[Black "Gupta, Pranit"]
[Result "1-0"]
[Termination "normal"]
[Board "15.1"]
[WhiteElo "980"]
[BlackElo "1155"]
[WhiteClock "00:42:27"]
[BlackClock "00:31:37"]
[WhiteTeam "Schachzwerge Magdeburg"]
[BlackTeam "SF Deizisau"]
[PlyCount "91"]
[EventCountry "GER"]
[EventRounds "7"]
[EventType "team-swiss"]
[EventDate "2023.12.27"]

1. e4 {[%clk 00:55:08]} {[%emt 00:00:02]} e5 {[%clk 00:55:08]} {[%emt
00:00:03]} 2. Nf3 {[%clk 00:55:06]} {[%emt 00:00:07]} Nc6 {[%emt 00:00:05]} 3.
Bc4 {[%clk 00:54:59]} {[%emt 00:00:11]} Bc5 {[%clk 00:55:07]} {[%emt 00:00:07]}
4. c3 {[%clk 00:55:01]} {[%emt 00:00:04]} Nf6 {[%clk 00:54:44]} {[%emt
00:00:27]} 5. d4 {[%clk 00:55:01]} {[%emt 00:00:05]} exd4 {[%clk 00:54:24]}
{[%emt 00:00:25]} 6. cxd4 {[%clk 00:55:00]} {[%emt 00:00:06]} Bb6 {[%clk
00:54:02]} {[%emt 00:00:28]} 7. d5 {[%clk 00:54:21]} {[%emt 00:00:44]} Ne7
{[%clk 00:53:52]} {[%emt 00:00:14]} 8. Nc3 {[%clk 00:53:58]} {[%emt 00:00:28]}
Ba5 {[%clk 00:53:38]} {[%emt 00:00:19]} 9. e5 {[%clk 00:52:57]} {[%emt
00:01:05]} Ne4 {[%clk 00:52:32]} {[%emt 00:01:12]} 10. Bd2 {[%clk 00:52:05]}
{[%emt 00:00:57]} Nxc3 {[%clk 00:51:36]} {[%emt 00:01:02]} 11. Bxc3 {[%clk
00:52:02]} {[%emt 00:00:07]} Bxc3+ {[%clk 00:51:37]} {[%emt 00:00:03]} 12. bxc3
{[%clk 00:51:59]} {[%emt 00:00:09]} c6 {[%clk 00:51:19]} {[%emt 00:00:23]} 13.
d6 {[%clk 00:51:41]} {[%emt 00:00:23]} Ng6 {[%clk 00:51:17]} {[%emt 00:00:07]}
14. Qb3 {[%clk 00:51:29]} {[%emt 00:00:17]} O-O {[%clk 00:50:31]} {[%emt
00:00:51]} 15. O-O {[%clk 00:51:11]} {[%emt 00:00:23]} b5 {[%clk 00:50:20]}
{[%emt 00:00:17]} 16. Bd3 {[%clk 00:50:39]} {[%emt 00:00:36]} Re8 {[%clk
00:48:43]} {[%emt 00:01:43]} 17. Rfe1 {[%clk 00:50:00]} {[%emt 00:00:43]} Kh8
{[%clk 00:44:58]} {[%emt 00:03:49]} 18. Qxf7 {[%clk 00:48:59]} {[%emt
00:01:06]} Re6 {[%clk 00:42:57]} {[%emt 00:02:07]} 19. Nd4 {[%clk 00:48:17]}
{[%emt 00:00:48]} Qe8 {[%clk 00:41:11]} {[%emt 00:01:50]} 20. Bxg6 {[%clk
00:46:13]} {[%emt 00:02:08]} hxg6 {[%clk 00:40:42]} {[%emt 00:00:35]} 21. Qxe8+
{[%clk 00:45:59]} {[%emt 00:00:18]} Rxe8 {[%emt 00:00:08]} 22. Re2 {[%clk
00:45:04]} {[%emt 00:00:58]} Bb7 {[%clk 00:40:32]} {[%emt 00:00:15]} 23. e6
{[%clk 00:44:45]} {[%emt 00:00:24]} c5 {[%clk 00:40:07]} {[%emt 00:00:31]} 24.
exd7 {[%clk 00:44:33]} {[%emt 00:00:16]} Rxe2 {[%clk 00:39:22]} {[%emt
00:00:50]} 25. Nxe2 {[%clk 00:44:22]} {[%emt 00:00:17]} Rd8 {[%clk 00:39:18]}
{[%emt 00:00:08]} 26. Rd1 {[%clk 00:43:26]} {[%emt 00:01:01]} Rxd7 {[%clk
00:39:15]} {[%emt 00:00:09]} 27. Nf4 {[%clk 00:43:04]} {[%emt 00:00:26]} Kh7
{[%clk 00:38:14]} {[%emt 00:01:05]} 28. Ne6 {[%clk 00:42:52]} {[%emt 00:00:19]}
Kg8 {[%clk 00:38:02]} {[%emt 00:00:14]} 29. Nxc5 {[%clk 00:42:51]} {[%emt
00:00:07]} Rf7 {[%clk 00:33:14]} {[%emt 00:04:53]} 30. Nxb7 {[%clk 00:42:48]}
{[%emt 00:00:09]} Rxb7 {[%clk 00:33:13]} {[%emt 00:00:07]} 31. d7 {[%clk
00:42:49]} {[%emt 00:00:04]} Rxd7 {[%clk 00:33:13]} {[%emt 00:00:04]} 32. Rxd7
{[%clk 00:42:49]} {[%emt 00:00:05]} a5 {[%clk 00:32:54]} {[%emt 00:00:24]} 33.
Rb7 {[%clk 00:42:46]} {[%emt 00:00:07]} b4 {[%clk 00:32:48]} {[%emt 00:00:12]}
34. cxb4 {[%clk 00:42:46]} {[%emt 00:00:05]} axb4 {[%clk 00:32:45]} {[%emt
00:00:09]} 35. Rxb4 {[%clk 00:42:44]} {[%emt 00:00:06]} Kf7 {[%clk 00:32:46]}
{[%emt 00:00:04]} 36. a4 {[%clk 00:42:44]} {[%emt 00:00:05]} Ke7 {[%clk
00:32:47]} {[%emt 00:00:04]} 37. a5 {[%clk 00:42:45]} {[%emt 00:00:05]} Kd7
{[%clk 00:32:40]} {[%emt 00:00:11]} 38. a6 {[%clk 00:42:46]} {[%emt 00:00:04]}
Kc6 {[%clk 00:32:23]} {[%emt 00:00:22]} 39. a7 {[%clk 00:42:45]} {[%emt
00:00:06]} Kc5 {[%clk 00:32:24]} {[%emt 00:00:04]} 40. Rb1 {[%clk 00:42:45]}
{[%emt 00:00:05]} Kc6 {[%clk 00:32:17]} {[%emt 00:00:12]} 41. a8=Q+ {[%clk
00:42:43]} {[%emt 00:00:06]} Kc7 {[%clk 00:32:03]} {[%emt 00:00:19]} 42. Qb8+
{[%clk 00:42:36]} {[%emt 00:00:12]} Kc6 {[%clk 00:31:53]} {[%emt 00:00:16]} 43.
Rc1+ {[%clk 00:42:37]} {[%emt 00:00:05]} Kd7 {[%clk 00:31:51]} {[%emt
00:00:06]} 44. Qc7+ {[%clk 00:42:34]} {[%emt 00:00:08]} Ke8 {[%clk 00:31:40]}
{[%emt 00:00:17]} 45. Rb1 {[%clk 00:42:32]} {[%emt 00:00:06]} Kf8 {[%clk
00:31:37]} {[%emt 00:00:08]} 46. Rb8# {[%clk 00:42:27]} 1-0